THE SOUND AND THE FURY: (Record no. 9957)
[ view plain ]
| 000 -LEADER | |
|---|---|
| fixed length control field | 00609nam a22001697a 4500 |
| 003 - CONTROL NUMBER IDENTIFIER | |
| control field | OSt |
| 005 - DATE AND TIME OF LATEST TRANSACTION | |
| control field | 20260212095706.0 |
| 008 - FIXED-LENGTH DATA ELEMENTS--GENERAL INFORMATION | |
| fixed length control field | 260212b |||||||| |||| 00| 0 eng d |
| 020 ## - INTERNATIONAL STANDARD BOOK NUMBER | |
| International Standard Book Number | 0393964817 |
| 040 ## - CATALOGING SOURCE | |
| Transcribing agency | W. W. NORTON & COMPANY |
| 050 ## - LIBRARY OF CONGRESS CALL NUMBER | |
| Classification number | PS 3511 .A86 1994 |
| Item number | .A86 1994 |
| 245 ## - TITLE STATEMENT | |
| Title | THE SOUND AND THE FURY: |
| Remainder of title | AN AUTHORITATIVE TEXT, BACKGROUNDS AND CONTEXT CRITICISM/ |
| Statement of responsibility, etc. | FAULKNER, WILLIAM |
| 250 ## - EDITION STATEMENT | |
| Edition statement | 5the edition |
| 260 ## - PUBLICATION, DISTRIBUTION, ETC. | |
| Place of publication, distribution, etc. | NewYork-London: |
| Name of publisher, distributor, etc. | W. W. NORTON & COMPANY , |
| Date of publication, distribution, etc. | 1994. |
| 300 ## - PHYSICAL DESCRIPTION | |
| Extent | xi, 446 pages, |
| Other physical details | hardcover, includes bibliographic references and index.; |
| Dimensions | 21.1 cm. |
| 942 ## - ADDED ENTRY ELEMENTS (KOHA) | |
| Source of classification or shelving scheme | Library of Congress Classification |
| Koha item type | Books |
| Edition | 5th ed. |
| Suppress in OPAC | No |
| Withdrawn status | Lost status | Source of classification or shelving scheme | Damaged status | Not for loan | Home library | Current library | Date acquired | Total checkouts | Full call number | Barcode | Date last seen | Price effective from | Koha item type |
|---|---|---|---|---|---|---|---|---|---|---|---|---|---|
| Library of Congress Classification | PIU Library | Main Library | 02/12/2026 | PS 3511 .A86 1994 | PIUDL954 | 02/12/2026 | 02/12/2026 | Books |